000 00620cam a2200193 4500
003 OSt
005 20250804163539.0
008 711021s1971 paua b 001 0 eng
040 _aKABLIB
_cKABLIB
_beng
_erda
082 0 0 _a616.079
_223
_bIMM
245 0 0 _aImmunology :
_bthe journal of cells, molecules, systems and technologies /
_cDaniel Altmann (editor).
260 _aNew Jersey :
_bJohn Wiley & Sons,
_cc2015.
300 _a497-670 p.
_bill. ;
_c28 cm.
504 _aIncludes bibliographies.
650 0 _aImmunologic diseases.
_914606
650 0 _aImmunology.
700 _aAltmann, Daniel
_914607
942 _2ddc
_cBOOK
999 _c5772
_d5772